00749nam a22002057a 450000500170000000800430001702000270006002000310008705000220011810000190014024500810015925000120024026000390025230000260029144000690031750000530038650500360043965000260047570000420050120240111131646.0231214b sp |||||||| |||| 00| 0 spa d a8433502417 (tomo. 2)  a8433529706 (obra completa)04a NX180 bH38 19771 aHauser, Arnold10aSociología del arte c/ Arnold Hauser ; traductor Vicente Romano Villalba  a2a ed.  a Barcelona ; bGuadarrama, c1977 a415 p. ; c18 cm.  aColección universitaria de bolsillo Punto Omega ; n No. 241  a# 834 Donacion: Dr. Rafael Mendoza 6/JUL./2021  tvol. 2,. Arte y clases sociales 72lembaArte y sociedad1 aRomano Villalba, Vicente etraductor